Statistics for Six-Letter Geography Beginning with S

Click here to take the quiz!

General Stats

  • This quiz has been taken 108 times
  • The average score is 9 of 20

Answer Stats

HintAnswer% Correct
World's largest desertSahara
99%
Where ABBA got their startSweden
94%
Island famous for the MafiaSicily
92%
Series of 2010 revoltsArab {Spring}
87%
First country invaded in World War ISerbia
78%
City where you would find Bondi BeachSydney
72%
Ottoman rulerSultan
54%
War in which Hannibal crossed the Alps{Second} Punic War
48%
Argentina's namesakeSilver
48%
German state-or maybe threeSaxony
28%
Major city in southwest IranShiraz
27%
Where Mother Teresa was bornSkopje
27%
African ethnic group largely in MinnesotaSomali
27%
South Vancouver city, or South
London county
Surrey
27%
Indian state between Bhutan and NepalSikkim
21%
Mexican state south of ArizonaSonora
20%
"Sea" formed by redirection of the Colorado River{Salton} Sea
14%
Language of KarachiSindhi
14%
Port for São Paulo, BrazilSantos
13%
North Japanese city damaged by a 2011 tsunamiSendai
11%

Score Distribution

Percentile by Number Answered

Percent of People with Each Score

Your Score History

You have not taken this quiz